Datum a čas kvízu
20
Celkem bodů
Celkový počet nahraných bodů na tomto kvízu bez doplňovacích otázek.
9.
Pořadí na kvízu
Konečné umístění týmu na tomto kvízu.
Zaznamenané odpovědi
| # | Otázka | Odpověď | Body | Výsledky |
|---|---|---|---|---|
| 1. | V minulých dnech bylo v médiíc... | Pavel Tuleja | 0 | |
| 2. | Ke dvěma a půl letům vězení by... | D | 0 | |
| 3. | Pod kterým pseudonymem působí... | Nemo | 1 | |
| 4. | Někteří obyvatelé Německa, pře... | kebab | 1 | |
| 5. | Basketbalová NBA zná svého nej... | Nikola Jokić | 0 | |
| 6. | Podíváme se do zemí či krajů,... | Genovia, Anne Hathaway | 0 | |
| 7. | Jak se nazývá chudé království... | A) Monte Albo | 0 | |
| 8. | Toto fiktivní království někol... | Wakanda, vibranium | 0.5 | |
| 9. | Přiřaďte tyto postavy z knižní... | 1D 2B 3A 4C | 0 | |
| 10. | Které drama režiséra Vladimíra... | Je třeba zabít Sekala | 0 |